| 000 | 00499nam a2200145 i 4500 | ||
|---|---|---|---|
| 001 | 135411 | ||
| 003 | ES-MaACL | ||
| 007 | t| | ||
| 008 | 070717s1915 fi ||||1| fre d | ||
| 100 | 1 |
_aTörne, P. O. _9110660 |
|
| 245 | 1 | 0 |
_aDon Juan d'Autriche et les projets de conquête de L'Angleterre _b: etude historique sur dix années du seixiéme siécle 1568-1578 / _cP.O. Törne. |
| 260 |
_aHelsingfors : _b[s.n.], _c1915 ( _f[J. Simeli]) |
||
| 300 |
_a2 v. ; _c26 cm. |
||
| 852 |
_aES-MaACL _jB-3876-77 |
||
| 999 |
_c135411 _d135411 |
||